[Event "Zonal tournament, zone 1.1"]
[Site "Mondariz"]
[Date "2000.09.03"]
[Round "1"]
[White "Fressinet, Laurent"]
[Black "Dutreeuw, Marc"]
[Result "1-0"]
[WhiteElo "2536"]
[BlackElo "2402"]
[WhiteTitle "IM"]
[BlackTitle "IM"]
[Source "ChessBase"]

1.e4 e5 2.Nf3 Nf6 3.Nxe5 d6 4.Nf3 Nxe4 5.d4 d5 6.Bd3 Bd6 7.O-O O-O 8.c4 c6 
9.Re1 Re8 10.Nc3 Nxc3 11.bxc3 Rxe1+ 12.Qxe1 h6 13.Rb1 Nd7 14.a4 b6 15.Qe2 Rb8 16.Ne5 Bxe5 
17.dxe5 Nc5 18.Bc2 dxc4 19.Qxc4 Be6 20.Qe2 Rb7 21.Be3 Qc8 22.h3 Bf5 23.Rd1 Bxc2 24.Qxc2 Rd7 
25.Bxc5 bxc5 26.Rd6 Rxd6 27.exd6 Qd7 28.Qd3 Kf8 29.Kf1 g6 30.g4 Kg7 31.Kg2 Kf8 32.c4 Kg7 
33.Qc3+ f6 34.Qa5 Kf7 35.Qxc5 Ke6 36.a5 a6 37.Qb6 Kxd6 38.Qxa6 Kc5 39.Qb6+ Kxc4 40.a6 Qd5+ 
41.Kg3 Qe5+ 42.Kg2 Qd5+ 43.f3 Qd2+ 44.Qf2 Qa5 45.a7 f5 46.gxf5 gxf5 47.Qc2+ Kd4 48.f4 c5 
49.Qb2+ Kc4 50.Qb7 Qd2+ 51.Kg3 Qe1+ 52.Kh2 Qf2+ 53.Qg2 Qxf4+ 54.Kh1 Qc1+ 55.Qg1  1-0

[Event "Zonal tournament, zone 1.1"]
[Site "Mondariz"]
[Date "2000.09.03"]
[Round "1"]
[White "Norris, Alan J"]
[Black "Chuchelov, Vladimir"]
[Result "0-1"]
[WhiteElo "2299"]
[BlackElo "2535"]
[WhiteTitle "FM"]
[BlackTitle "GM"]
[Source "ChessBase"]

1.Nf3 c5 2.c4 Nf6 3.g3 d5 4.Bg2 d4 5.e3 Nc6 6.exd4 cxd4 7.O-O g6 8.d3 Bg7 
9.Na3 O-O 10.Nc2 a5 11.a3 Nd7 12.Rb1 Nc5 13.b4 axb4 14.axb4 Na4 15.Rb3 Nc3 16.Qd2 Ra2 
17.b5 Na5 18.Rb4 e5 19.Bb2 Re8 20.Ra1 Rxa1+ 21.Bxa1 Bf8 22.Rb2 b6 23.Nb4 Bb7 24.Qe1 Qa8 
25.Nh4 Bxg2 26.Nxg2 e4 27.Nd5 Nxd5 28.cxd5 exd3 29.Qd1 Nc4 30.Rb1 d2 31.Qf3 Bg7 32.Rf1 Qa4 
33.Qd1 Qxb5 34.Nf4 Qa5 35.Nd3 Qxd5 36.Qb3 b5 37.Bb2 h5 38.h4 Qf5 39.Rd1 Qf3 40.Qc2 Nxb2 
0-1

[Event "Zonal tournament, zone 1.1"]
[Site "Mondariz"]
[Date "2000.09.03"]
[Round "1"]
[White "Parker, Jonathan F"]
[Black "Claesen, Pieter"]
[Result "1-0"]
[WhiteElo "2539"]
[BlackElo "2416"]
[WhiteTitle "IM"]
[BlackTitle "IM"]
[Source "ChessBase"]

1.d4 Nf6 2.c4 c5 3.d5 b5 4.cxb5 a6 5.b6 e6 6.Nc3 Nxd5 7.Nxd5 exd5 8.Qxd5 Nc6 
9.Nf3 Rb8 10.Ne5 Qf6 11.Nxc6 dxc6 12.Qf3 Be7 13.Bd2 Qxb2 14.Bc3 Qxb6 15.e4 Be6 16.Qg3 Rg8 
17.Be2 f6 18.O-O Rd8 19.f4 g6 20.Qe3 Rd7 21.g3 Qa7 22.f5 Bf7 23.e5 fxe5 24.f6 Bd6 
25.Bg4 Qc7 26.Rad1 Bd5 27.Bxd7+ Kxd7 28.Qh6 Qd8 29.Qh3+  1-0

[Event "Zonal tournament, zone 1.1"]
[Site "Mondariz"]
[Date "2000.09.03"]
[Round "2"]
[White "Claesen, Pieter"]
[Black "Degraeve, Jean-Marc"]
[Result "0-1"]
[WhiteElo "2416"]
[BlackElo "2540"]
[WhiteTitle "IM"]
[BlackTitle "GM"]
[Source "ChessBase"]

1.c4 e5 2.Nc3 Bb4 3.g3 Nf6 4.Bg2 O-O 5.Nf3 Re8 6.O-O Bxc3 7.bxc3 d6 8.d3 e4 
9.Ng5 exd3 10.exd3 Nbd7 11.Nf3 Nc5 12.Be3 Bf5 13.d4 Nce4 14.Nh4 Qd7 15.Nxf5 Qxf5 16.Re1 Re7 
17.f3 Ng5 18.g4 Qa5 19.Qd2 Rae8 20.h4 Ne6 21.Kf2 h5 22.Bg5 Nxg5 23.hxg5 Rxe1 24.Rxe1 Rxe1 
25.Kxe1 Nh7 26.f4 hxg4 27.Bxb7 Qf5 28.Bd5 g3 29.Qe3 Qb1+ 30.Ke2 Qxa2+ 31.Kf1 Nf8 32.Qxg3 c6 
33.Be4 Qxc4+ 34.Bd3 Qb3 35.Ke2 a5 36.f5 Qb2+ 37.Ke3 Qxc3 38.g6 fxg6 39.fxg6 d5 40.Qg4 c5 
41.Qf5 Qxd4+ 42.Kd2 Qb4+ 43.Kd1 Qa4+ 44.Bc2 Qd7 45.Qf3 Qe6 46.Bf5 Qe5 47.Be4 Qd4+ 48.Kc1 Qc4+ 
49.Bc2 Nxg6 0-1

[Event "Zonal tournament, zone 1.1"]
[Site "Mondariz"]
[Date "2000.09.03"]
[Round "2"]
[White "Dutreeuw, Marc"]
[Black "Efimov, Igor"]
[Result "1/2-1/2"]
[WhiteElo "2402"]
[BlackElo "2520"]
[WhiteTitle "IM"]
[BlackTitle "GM"]
[Source "ChessBase"]

1.e4 c5 2.Nf3 e6 3.d4 cxd4 4.Nxd4 a6 5.Bd3 Nf6 6.Qe2 d6 7.c4 Bd7 8.Nc3 Be7 
9.Be3 Nc6 10.Nxc6 Bxc6 11.O-O O-O 12.Rfd1 b6 13.e5 Ne8 14.Bf4 g6 15.Rd2 Bg5 16.Qe3 Bxf4 
17.Qxf4 dxe5 18.Qxe5 Ra7 19.Rad1 Rd7 20.Qf4 f5 21.Qe3 Rff7 22.Be2 Qc7 23.Rxd7 Bxd7 24.f4 h6 
25.Qe5 Qa7 26.h3 Nf6 27.Rd6 b5+ 28.Qd4 Qxd4+ 29.Rxd4 b4 30.Nd1 Ba4 31.Nf2 Rd7 32.Rxd7 Nxd7 
33.Nd3 a5 34.Bf3 Bc2 35.Ne5 Nxe5 36.fxe5 Kf7 37.Kf2 Bd3 38.c5 Ke7 39.Ke3 Bc4 40.a3 bxa3 
41.bxa3 Kd7 42.Kd4 Bb5 43.g3 g5 44.Ke3 Bc4 45.h4 Bb3 46.hxg5 hxg5 47.Ba8 Ba4 48.Bf3 g4 
49.Be2 Bb3 1/2-1/2

[Event "Zonal tournament, zone 1.1"]
[Site "Mondariz"]
[Date "2000.09.03"]
[Round "3"]
[White "Moreno Carnero, Javier"]
[Black "Dutreeuw, Marc"]
[Result "1/2-1/2"]
[WhiteElo "2515"]
[BlackElo "2402"]
[WhiteTitle "IM"]
[BlackTitle "IM"]
[Source "ChessBase"]

1.e4 e5 2.Nf3 Nf6 3.Nxe5 d6 4.Nf3 Nxe4 5.d4 d5 6.Bd3 Nc6 7.O-O Be7 8.c4 Nb4 
9.cxd5 Nxd3 10.Qxd3 Qxd5 11.Re1 Bf5 12.Ne5 O-O-O 13.Qf3 g6 14.Nc3 Nxc3 15.bxc3 Qxf3 16.gxf3 Be6 
17.Nxf7 Bxf7 18.Rxe7 Rd7 19.Re5 Re8 1/2-1/2

[Event "Zonal tournament, zone 1.1"]
[Site "Mondariz"]
[Date "2000.09.03"]
[Round "3"]
[White "Norris, Alan J"]
[Black "Claesen, Pieter"]
[Result "0-1"]
[WhiteElo "2299"]
[BlackElo "2416"]
[WhiteTitle "FM"]
[BlackTitle "IM"]
[Source "ChessBase"]

1.Nf3 Nf6 2.c4 e6 3.g3 d5 4.b3 d4 5.e3 Nc6 6.exd4 Nxd4 7.Bg2 Nxf3+ 8.Qxf3 Bc5 
9.Bb2 O-O 10.Bxf6 Qxf6 11.Qxf6 gxf6 12.Nc3 c6 13.Ne4 Bd4 14.Rd1 Rd8 15.Ke2 a5 16.Rb1 a4 
17.b4 f5 18.Nc3 e5 19.Rhc1 Be6 20.Nd1 f4 21.gxf4 exf4 22.d3 Bg4+ 23.Kd2 Re8 24.Nc3 Bxf2 
25.Rf1 Be3+ 26.Kc2 Re6 27.Bf3 f5 28.Rbe1 Bh3 29.Rh1 Kf7 30.b5 Rg8 31.Re2 Bg4 32.Rf1 Reg6 
33.Bxg4 Rxg4 34.bxc6 bxc6 35.Nxa4 Rg2 36.Rfe1 f3 0-1

[Event "Zonal tournament, zone 1.1"]
[Site "Mondariz"]
[Date "2000.09.03"]
[Round "3"]
[White "Reinderman, Dimitri"]
[Black "Chuchelov, Vladimir"]
[Result "1-0"]
[WhiteElo "2551"]
[BlackElo "2535"]
[WhiteTitle "GM"]
[BlackTitle "GM"]
[Source "ChessBase"]

1.e4 c5 2.Nf3 e6 3.d4 cxd4 4.Nxd4 a6 5.Nc3 b5 6.Bd3 Qb6 7.Nb3 Qc7 8.a4 b4 
9.Ne2 Bb7 10.Ned4 Nf6 11.Qe2 Bd6 12.h3 O-O 13.O-O Bh2+ 14.Kh1 d5 15.exd5 Nxd5 16.Na5 Qxa5 
17.Kxh2 Qc7+ 18.Kg1 Nf4 19.Bxf4 Qxf4 20.Rfd1 Nd7 21.g3 Qe5 22.Qxe5 Nxe5 23.Be2 a5 24.f4 Nc6 
25.Nb5 Rad8 26.Nd6 Ba8 27.Kf2 Ne7 28.Nc4 Rxd1 29.Bxd1 Nc6 30.b3 Rd8 31.Bf3 Nd4 32.Bxa8 Rxa8 
33.Rd1 Nxc2 34.Nxa5 g5 35.Nc6 gxf4 36.gxf4 Ra6 37.Nd4 Rd6 38.Rg1+ Kf8 39.Nxc2 Rd2+ 40.Ke3 Rxc2 
41.Ra1 Rc3+ 42.Kd4 Ke7 43.a5 Kd6 44.a6 Rc8 45.a7 Ra8 46.Kc4 Kc6 47.Kxb4 Kb6 48.h4 h5 
49.Ra2 f6 50.Ra5 Kb7 51.Kc5 e5 52.fxe5 fxe5 53.Kd5 Rd8+ 54.Kxe5 Ka8 55.Kf6 Rd3 56.Kg6  
1-0

[Event "Zonal tournament, zone 1.1"]
[Site "Mondariz"]
[Date "2000.09.03"]
[Round "4"]
[White "Claesen, Pieter"]
[Black "McMahon, Daire"]
[Result "1-0"]
[WhiteElo "2416"]
[BlackElo "2246"]
[WhiteTitle "IM"]
[Source "ChessBase"]

1.d4 Nf6 2.Nf3 d5 3.e3 g6 4.c4 Bg7 5.Nc3 O-O 6.cxd5 Nxd5 7.Bc4 Nb6 8.Bb3 Nc6 
9.O-O a6 10.Qe2 Bd7 11.Rd1 Qc8 12.Bd2 e5 13.d5 Na5 14.Bc2 Nac4 15.Rab1 c6 16.dxc6 Bxc6 
17.e4 Nxd2 18.Rxd2 Qc7 19.Bb3 Rfd8 20.Rbd1 Bf6 21.Nd5 Nxd5 22.exd5 Bb5 23.Qe3 Qd6 24.Rc2 Kg7 
25.Nd2 Qb8 26.Ne4 Be7 27.a4 Be8 28.d6 Rxd6 29.Nxd6 Bxd6 30.Bd5 Bxa4 31.b3 Bb5 32.Qb6 e4 
33.g3 Bd3 34.Rcc1 Be5 35.Qxb7 Qxb7 36.Bxb7 Rb8 37.Bd5 Rb6 38.Rc6 Rb8 39.Bc4 Bc2 40.Rd5 Ba1 
41.Rxa6 Bc3 42.Rd7 Bxb3 43.Rxf7+ Kg8 44.Rb7+  1-0

[Event "Zonal tournament, zone 1.1"]
[Site "Mondariz"]
[Date "2000.09.03"]
[Round "4"]
[White "Dutreeuw, Marc"]
[Black "Grant, Jonathan"]
[Result "1-0"]
[WhiteElo "2402"]
[BlackElo "2208"]
[WhiteTitle "IM"]
[Source "ChessBase"]

1.e4 c6 2.d4 d5 3.f3 g6 4.Nc3 Nh6 5.Be2 Bg7 6.Be3 f6 7.Qd2 Nf7 8.f4 Be6 
9.Bf3 Nd6 10.b3 O-O 11.exd5 cxd5 12.Nxd5 Nc6 13.c4 Nf5 14.Bf2 Bf7 15.Ne2 e5 16.O-O Re8 
17.dxe5 fxe5 18.Nec3 exf4 19.Qxf4 Ne5 20.Rad1 Bh6 21.Qe4 Nd6 22.Qh4 Bg5 23.Qg3 Nf5 24.Qh3 Be6 
25.Nf4 Bd7 26.Bd5+ Kh8 27.Ne6 Qe7 28.Nxg5 Qxg5 29.Ne4 Qe7 30.Qc3 Bc6 31.Rfe1 Qg7 32.h3 Rad8 
33.Bxa7 Ra8 34.Bd4 Nxd4 35.Qxd4 Rxa2 36.Ng5 h6 37.Rxe5 hxg5 38.Rxe8+ Bxe8 39.Bxb7 Rb2 40.Qd8 Re2 
41.Bf3 Re7 42.Qd4 Re5 43.Kh2 Kh7 44.Ra1 Kh6 45.Ra7 Qf6 46.Ra5 Re6 47.Qxf6 Rxf6 48.Bd5 Bd7 
49.Ra7 Bf5 50.g4 Be4 51.Bg8 Bb7 52.c5 Rf2+ 53.Kg1 Rf8 54.c6 Rxg8 55.cxb7 Rb8 56.Ra1 Rxb7 
57.Rb1 Rb4 58.Kf2 Kg7 59.Ke3 Kf6 60.Kd3 Ke5 61.Kc3 Rf4 62.Rd1 Rf3+ 63.Rd3 Rf8 64.b4 Rc8+ 
65.Kb3 Ke4 66.Rc3 Ra8 67.b5 Kd5 68.Kb4 Ra1 69.Rd3+ Ke4 70.Ra3 Rh1 71.b6 Rb1+ 72.Rb3 Rd1 
73.b7 Rd8 74.Kc5 Kf4 75.b8=Q+ Rxb8 76.Rxb8 Kg3 77.Rb4  1-0

[Event "Zonal tournament, zone 1.1"]
[Site "Mondariz"]
[Date "2000.09.03"]
[Round "5"]
[White "Bauer, Christian"]
[Black "Claesen, Pieter"]
[Result "1-0"]
[WhiteElo "2562"]
[BlackElo "2416"]
[WhiteTitle "GM"]
[BlackTitle "IM"]
[Source "ChessBase"]

1.e4 e6 2.d4 d5 3.Nd2 Nf6 4.e5 Nfd7 5.f4 c5 6.c3 Nc6 7.Ndf3 cxd4 8.cxd4 Nb6 
9.Bd3 Bd7 10.Ne2 h5 11.O-O a5 12.Nc3 g6 13.Be3 a4 14.Bf2 Be7 15.Rc1 Na5 16.b3 axb3 
17.axb3 Nc6 18.h3 Nb4 19.Bb1 Nc8 20.g4 hxg4 21.hxg4 Na7 22.Kg2 Bc6 23.Rh1 Kd7 24.Qe2 Qa5 
25.Ng5 Rxh1 26.Rxh1 Rf8 27.Qb2 Bb5 28.Qd2 Nbc6 29.Qe3 Qb4 30.Nxd5 exd5 31.Nxf7 Na5 32.Bxg6 Qxb3 
33.Rh7 Qxe3 34.Bxe3 N7c6 35.Nd6 Nc4 36.Bf5+ Kd8 37.Bf2 Ba6 38.Nf7+ Ke8 39.g5 Nd8 40.g6 Nb2 
41.Nd6+  1-0

[Event "Zonal tournament, zone 1.1"]
[Site "Mondariz"]
[Date "2000.09.03"]
[Round "5"]
[White "Dorfman, Josif Davidovich"]
[Black "Chuchelov, Vladimir"]
[Result "1/2-1/2"]
[WhiteElo "2600"]
[BlackElo "2535"]
[WhiteTitle "GM"]
[BlackTitle "GM"]
[Source "ChessBase"]

1.d4 Nf6 2.c4 e6 3.Nc3 Bb4 4.Qc2 c5 5.dxc5 O-O 6.a3 Bxc5 7.Nf3 Be7 8.Bf4 Nh5 
9.Bd2 Nc6 10.e3 Nf6 11.Bd3 d5 12.O-O dxc4 13.Bxc4 Qc7 14.Bd3 Bd7 15.Ne4 Nxe4 16.Bxe4 h6 
17.Bc3 Rac8 18.Rac1 Rfd8 19.b4 a6 20.Qb2 Bf8 21.Bb1 Ne7 22.Be5 Qb6 23.Bd4 Qb5 24.Rc5 Rxc5 
25.Bxc5 Be8 26.h3 Nf5 27.Bxf8 Kxf8 28.Rc1 b6 29.Qc3 Ne7 30.Nd4 Qd5 31.Rd1 Nc6 32.Bc2 Nxd4 
33.Rxd4 Qe5 34.Bd3 a5 1/2-1/2

[Event "Zonal tournament, zone 1.1"]
[Site "Mondariz"]
[Date "2000.09.03"]
[Round "6"]
[White "Chuchelov, Vladimir"]
[Black "Bauer, Christian"]
[Result "1/2-1/2"]
[WhiteElo "2535"]
[BlackElo "2562"]
[WhiteTitle "GM"]
[BlackTitle "GM"]
[Source "ChessBase"]

1.Nf3 Nf6 2.c4 e6 3.g3 d5 4.Bg2 dxc4 5.Qa4+ Nbd7 6.Qxc4 a6 7.Qb3 c5 8.a4 Rb8 
9.a5 Bd6 10.d3 O-O 11.O-O Bc7 12.Bd2 Re8 13.Rc1 b5 14.axb6 Bxb6 15.Qc2 Bb7 16.Na3 h6 
17.Nc4 Bc7 18.e4 Qe7 19.h3 Rec8 20.Be3 Qd8 21.Ra3 Ne8 22.Nfd2 Nd6 23.Nxd6 Bxd6 24.Nc4 Bf8 
25.Bf4 Ra8 26.Na5 Ra7 27.Nxb7 Rxb7 28.Rxa6 Nb8 29.Ra8 Nc6 30.Rxc8 Qxc8 31.Be3 Qb8 32.Bxc5 Rxb2 
33.Qa4 Rb1 34.Be3 Ne5 35.Qc2 Rxc1+ 36.Bxc1 Qd6 37.Bf1 Nf3+ 38.Kh1 Qb4 39.Be3 e5 40.Qd1 Nd4 
41.h4 Bc5 42.Bh3 Nb3 1/2-1/2

[Event "Zonal tournament, zone 1.1"]
[Site "Mondariz"]
[Date "2000.09.03"]
[Round "6"]
[White "Claesen, Pieter"]
[Black "De la Riva Aguado, Óscar"]
[Result "1/2-1/2"]
[WhiteElo "2416"]
[BlackElo "2462"]
[WhiteTitle "IM"]
[BlackTitle "IM"]
[Source "ChessBase"]

1.e4 d5 2.exd5 Qxd5 3.d4 Nc6 4.Nf3 e5 5.Nc3 Bb4 6.Bd2 Bxc3 7.Bxc3 e4 8.Ne5 Nxe5 
9.dxe5 Be6 10.Qxd5 Bxd5 1/2-1/2

[Event "Zonal tournament, zone 1.1"]
[Site "Mondariz"]
[Date "2000.09.03"]
[Round "6"]
[White "van den Doel, Erik"]
[Black "Dutreeuw, Marc"]
[Result "1-0"]
[WhiteElo "2547"]
[BlackElo "2416"]
[WhiteTitle "GM"]
[BlackTitle "IM"]
[Source "ChessBase"]

1.e4 e5 2.Nf3 Nf6 3.Nxe5 d6 4.Nf3 Nxe4 5.d4 d5 6.Bd3 Nc6 7.O-O Be7 8.c4 Nb4 
9.Be2 O-O 10.Nc3 b6 11.a3 Nxc3 12.bxc3 Nc6 13.cxd5 Qxd5 14.Re1 Bb7 15.Bf4 Bd6 16.c4 Qf5 
17.Bg3 Bxg3 18.hxg3 Rae8 19.Qd2 Qf6 20.Rab1 Rd8 21.d5 Na5 22.Bd3 c6 23.Ng5 g6 24.Ne4 Qd4 
25.Qf4 f5 26.Ng5 Qxf4 27.gxf4 Rfe8 28.Rxe8+ Rxe8 29.c5 bxc5 30.d6 Rd8 31.Ne6 Rxd6 32.Nxc5 Rd8 
33.Nxb7  1-0

[Event "Zonal tournament, zone 1.1"]
[Site "Mondariz"]
[Date "2000.09.03"]
[Round "7"]
[White "Dutreeuw, Marc"]
[Black "Jonkman, Harmen"]
[Result "0-1"]
[WhiteElo "2402"]
[BlackElo "2424"]
[WhiteTitle "IM"]
[BlackTitle "IM"]
[Source "ChessBase"]

1.e4 e5 2.Nf3 Nc6 3.Bb5 Nf6 4.O-O Nxe4 5.d4 Nd6 6.Bxc6 dxc6 7.dxe5 Nf5 8.Qxd8+ Kxd8 
9.Nc3 Bd7 10.Ne4 h6 11.Bd2 c5 12.Rad1 Kc8 13.Rfe1 b6 14.Bc3 Ne7 15.Nh4 Be6 16.f4 Kb7 
17.h3 Kc6 18.a3 b5 19.Nf3 Nd5 20.Bd2 g6 21.Rf1 Be7 22.Nh2 h5 23.Nf3 a5 24.Nfg5 a4 
25.Rc1 b4 26.Rf3 bxa3 27.bxa3 c4 28.Rb1 Rhb8 29.Rxb8 Rxb8 30.Nxe6 fxe6 31.Bc1 Rb1 32.Rf1 h4 
33.Kf2 Ra1 34.Ng5 Bxg5 35.fxg5 Ra2 36.Kf3 Rxc2 37.Kg4 Rxg2+ 0-1

[Event "Zonal tournament, zone 1.1"]
[Site "Mondariz"]
[Date "2000.09.03"]
[Round "7"]
[White "Fernando, Diogo"]
[Black "Claesen, Pieter"]
[Result "1-0"]
[WhiteElo "2257"]
[BlackElo "2416"]
[BlackTitle "IM"]
[Source "ChessBase"]

1.e4 e6 2.d4 d5 3.e5 c5 4.c3 Qb6 5.Nf3 Nc6 6.a3 Nh6 7.b4 cxd4 8.cxd4 Nf5 
9.Bb2 Be7 10.Bd3 a5 11.Bxf5 exf5 12.Nc3 Be6 13.b5 a4 14.O-O Nb8 15.Ne1 Nd7 16.f4 h5 
17.Nc2 Qa5 18.Ne3 Nb6 19.Rc1 g6 20.Rc2 Rc8 21.Qf3 O-O 22.h3 h4 23.Ncxd5 Bxd5 24.Nxd5 Nxd5 
25.Rxc8 Rxc8 26.Qxd5 Qd2 27.Qxb7 Rc2 28.Bc3 Qe3+ 29.Kh2 Bxa3 30.Be1 Rc1 31.Qa8+ Bf8 32.Qa5 Qxd4 
33.Rf3 Bh6 34.Qd2 Qc4 35.Qd8+ Kh7 36.Qxh4 Qxb5 37.e6 Qe8 38.e7 Rc4 39.Bc3 g5 40.Qh5 Qxe7 
41.Re3 Re4 42.fxg5 Qxg5 43.Qxf7+ Bg7 44.Rg3 Qxg3+ 45.Kxg3 Re3+ 46.Kf4 Rxc3 47.Qxf5+ Kg8 48.Qd5+ Kh7 
49.Qe4+  1-0

[Event "Zonal tournament, zone 1.1"]
[Site "Mondariz"]
[Date "2000.09.03"]
[Round "8"]
[White "Chuchelov, Vladimir"]
[Black "Arlandi, Ennio"]
[Result "1-0"]
[WhiteElo "2535"]
[BlackElo "2437"]
[WhiteTitle "GM"]
[BlackTitle "IM"]
[Source "ChessBase"]

1.Nf3 Nf6 2.g3 d5 3.Bg2 e6 4.O-O Be7 5.d3 c5 6.Nbd2 Nc6 7.e4 b6 8.Re1 Bb7 
9.c3 O-O 10.e5 Nd7 11.Nf1 b5 12.h4 a5 13.Bf4 Nb6 14.Ng5 Qe8 15.Ne3 b4 16.Ng4 Ba6 
17.Nf6+ gxf6 18.exf6 Bxf6 19.Qh5 h6 20.Qxh6 Bxg5 21.Qxg5+ Kh7 22.Qh5+ Kg8 23.Bh6  1-0

[Event "Zonal tournament, zone 1.1"]
[Site "Mondariz"]
[Date "2000.09.03"]
[Round "8"]
[White "Bellini, Fabio"]
[Black "Dutreeuw, Marc"]
[Result "0-1"]
[WhiteElo "2484"]
[BlackElo "2402"]
[WhiteTitle "IM"]
[BlackTitle "IM"]
[Source "ChessBase"]

1.e4 e5 2.Bc4 Nf6 3.d3 Nc6 4.Nf3 Be7 5.Qe2 d6 6.c3 O-O 7.Bb3 h6 8.Nbd2 Re8 
9.Nf1 Bf8 10.Rg1 Na5 11.Bc2 c5 12.g4 Nh7 13.Ne3 g6 14.Ba4 Nc6 15.h4 Bg7 16.g5 h5 
17.Nd5 Be6 18.Nd2 Rb8 19.Nf1 Nd4 20.cxd4 Qa5+ 21.Bd2 Qxa4 22.Nc7 Rec8 23.Nxe6 fxe6 24.dxc5 Rxc5 
25.Ne3 d5 26.b4 Rb5 27.Kf1 Rd8 28.Kg2 Rb6 29.Rgc1 Rc6 30.Qf3 Qb5 31.Be1 Rf8 32.Qd1 Rfc8 
33.Rxc6 bxc6 34.Qb3 Nf8 35.Rc1 Rb8 36.a4 Qa6 37.Qc2 Rd8 38.Qb3 Rb8 39.Kg1 Kh8 40.Qc2 Rd8 
41.f3 Rd7 42.Kf2 Rd6 43.Qc5 Rd7 44.Qxc6 Qxd3 45.Rd1 Qb3 46.exd5 exd5 47.Rxd5 Qa2+ 48.Bd2 Rf7 
49.Ke2 Kh7 50.Rd6 Rf4 51.Ng2 Rxb4 52.a5 Ne6 53.Kf1 Rb1+ 54.Be1 Nd4 55.Qd5 Qe2+ 0-1

[Event "Zonal tournament, zone 1.1"]
[Site "Mondariz"]
[Date "2000.09.03"]
[Round "8"]
[White "Claesen, Pieter"]
[Black "Grant, Jonathan"]
[Result "1/2-1/2"]
[WhiteElo "2416"]
[BlackElo "2208"]
[WhiteTitle "IM"]
[Source "ChessBase"]

1.d4 Nf6 2.Nf3 e6 3.e3 c5 4.Bd3 Nc6 5.O-O Be7 6.b3 b6 7.Bb2 Bb7 8.c4 O-O 
9.d5 exd5 10.cxd5 Nb4 11.e4 Nxd3 12.Qxd3 d6 13.Nbd2 Re8 14.Rfe1 Bf8 15.Bc3 a6 16.a4 Rb8 
17.b4 b5 18.axb5 axb5 19.Ra5 c4 20.Qb1 Bc8 21.Nd4 Bd7 22.f3 Nh5 23.g3 g6 24.Nf1 Bg7 
25.Ra6 Ra8 26.Qa1 Qc8 27.Rxa8 Qxa8 28.Ne2 f5 29.Bxg7 Nxg7 30.Nc3 Qb7 31.Qb2 Qb6+ 32.Kg2 Nh5 
33.Ne3 Qd4 34.Nc2 Qg7 35.Qa1 Qh6 36.Qc1 Qxc1 37.Rxc1 Nf6 38.Re1 fxe4 39.fxe4 Ng4 40.Nd4 Rb8 
41.Ra1 Rf8 42.Ncxb5 Rf2+ 43.Kg1 Rd2 44.Ra8+ Kg7 45.Nc6 Nxh2 46.Ra7 Nf3+ 1/2-1/2

[Event "Zonal tournament, zone 1.1"]
[Site "Mondariz"]
[Date "2000.09.03"]
[Round "9"]
[White "Dutreeuw, Marc"]
[Black "Narciso Dublan, Marc"]
[Result "0-1"]
[WhiteElo "2402"]
[BlackElo "2507"]
[WhiteTitle "IM"]
[BlackTitle "IM"]
[Source "ChessBase"]

1.e4 e5 2.Nf3 Nc6 3.Bb5 Nf6 4.d3 d6 5.c3 g6 6.O-O Bg7 7.a4 O-O 8.a5 Nxa5 
9.Rxa5 c6 10.Qa4 cxb5 11.Qxb5 d5 12.Be3 Bd7 13.Qb4 b6 14.Ra1 Qc7 15.Nfd2 Rfd8 16.f3 Be6 
17.Re1 dxe4 18.dxe4 Nd7 19.Qb5 Nc5 20.Na3 a6 21.Qe2 Nd3 22.Reb1 Rd7 23.Nc2 a5 24.Ne1 Rad8 
25.Nxd3 Rxd3 26.Qf2 R8d6 27.Nf1 h5 28.Qc2 Qd8 29.b4 axb4 30.cxb4 Bf8 31.h3 Be7 32.Kh1 Kg7 
33.Bg1 Bg5 34.Bh2 Qf6 35.Qb2 Bf4 36.Bxf4 Qxf4 37.Qe2 Bc4 38.Qc2 b5 39.Qf2 Be6 40.Qe2 Bxh3 
41.gxh3 Rxf3 42.Rb2 Rdd3 43.Nh2 Rxh3 44.Qf2 Qxe4+ 45.Qg2 Rxh2+ 46.Kxh2 Qh4+ 47.Kg1 Rg3 0-1

[Event "Zonal tournament, zone 1.1"]
[Site "Mondariz"]
[Date "2000.09.03"]
[Round "10"]
[White "Galego, Luís"]
[Black "Claesen, Pieter"]
[Result "1/2-1/2"]
[WhiteElo "2419"]
[BlackElo "2416"]
[WhiteTitle "IM"]
[BlackTitle "IM"]
[Source "ChessBase"]

1.d4 d5 2.Nf3 Nf6 3.Bf4 c6 4.c3 Bf5 5.e3 e6 6.Qb3 Qb6 7.Nbd2 h6 8.Be2 Nbd7 
9.h3 Be7 10.a4 Qxb3 11.Nxb3 a5 12.O-O O-O 13.Bc7 Rfc8 14.Bxa5 b6 15.Bb4 c5 16.Ba3 Rxa4 
17.Bb5 Ra7 18.dxc5 bxc5 19.Nbd4 cxd4 20.Bxe7 Rxa1 21.Rxa1 dxc3 22.bxc3 Rxc3 23.Ra8+ Kh7 24.Ra7 Nc5 
25.Bxf6 gxf6 26.Rxf7+ Kg8 27.Rc7 e5 28.Nh4 Be6 29.Kh2 Ne4 30.Re7 Nc5 31.Rc7 Ne4 32.Rxc3 Nxc3 
33.Bd3 Nd1 34.Kg1 Nb2 35.Bb5 Kf7 36.Kf1 Ke7 37.Ke2 Kd6 38.Be8 d4 39.exd4 exd4 40.Bg6 Kc5 
41.Bf5 Bc4+ 42.Kd2 Bb5 43.Be6 Nd3 44.f3 Nf4 45.Bf5 Nd5 46.Bd3 Bd7 47.Ng6 Be8 48.Nh4 Ne3 
49.g4 Kd6 50.f4 Bc6 51.Ke2 Kc5 52.Nf5 Ng2 53.Nxh6 Nxf4+ 54.Kd2 Nxh3 55.Ng8 Kd6 56.Nxf6 Ke5 
57.Nh5 Bf3 58.Be2 Bxe2 59.Kxe2 Ke4 60.Ng3+ Kf4 61.Nf5 Kxg4 1/2-1/2

[Event "Zonal tournament, zone 1.1"]
[Site "Mondariz"]
[Date "2000.09.03"]
[Round "10"]
[White "McMahon, Daire"]
[Black "Dutreeuw, Marc"]
[Result "0-1"]
[WhiteElo "2246"]
[BlackElo "2402"]
[BlackTitle "IM"]
[Source "ChessBase"]

1.e4 e5 2.Bc4 Nf6 3.d3 Nc6 4.Nf3 Be7 5.Qe2 O-O 6.Nbd2 Re8 7.O-O Bf8 8.Re1 Na5 
9.Bb5 a6 10.Ba4 b5 11.Bb3 Bb7 12.Nf1 d5 13.Ng3 c5 14.c3 Nxb3 15.axb3 Qb6 16.h3 Bc6 
17.Bg5 Nd7 18.Nf5 h6 19.Bd2 Nf6 20.Ng3 g6 21.Nh2 h5 22.Bg5 Bg7 23.Qf3 Re6 24.Qe2 c4 
25.bxc4 bxc4 26.dxc4 Nxe4 27.Nxe4 dxe4 28.Be3 Qb7 29.Red1 f5 30.Bg5 f4 31.Qd2 Rf8 32.Nf1 Kh7 
33.b4 Rf7 34.Qa2 e3 35.fxe3 f3 36.Rd5 e4 37.Qd2 fxg2 38.Kxg2 Bxd5 39.cxd5 Re5 40.Bf4 Rxd5 
41.Qc2 Rd3 42.Ra3 Rf5 43.Kg1 Qc8 44.Ng3 Rxf4 0-1

[Event "Zonal tournament, zone 1.1"]
[Site "Mondariz"]
[Date "2000.09.03"]
[Round "11"]
[White "Claesen, Pieter"]
[Black "Conquest, Stuart"]
[Result "0-1"]
[WhiteElo "2416"]
[BlackElo "2529"]
[WhiteTitle "IM"]
[BlackTitle "GM"]
[Source "ChessBase"]

1.d4 f5 2.Bg5 c6 3.c4 g6 4.e3 Nh6 5.Nc3 Nf7 6.Bh4 Bg7 7.f4 d6 8.Nf3 O-O 
9.Qd2 Nd7 10.Bd3 Nf6 11.O-O Qb6 12.e4 fxe4 13.Nxe4 Bg4 14.Nc3 Rae8 15.Rae1 Bxf3 16.Rxf3 Ng4 
17.h3 Qxd4+ 18.Kh1 Nge5 19.Rg3 Nxc4 20.Qc2 d5 21.Bxe7 Qxf4 22.Rg4 Qc7 23.Bxg6 Rxe7 24.Bxh7+ Kh8 
25.Ne4 Nh6 0-1

[Event "Zonal tournament, zone 1.1"]
[Site "Mondariz"]
[Date "2000.09.03"]
[Round "11"]
[White "Dutreeuw, Marc"]
[Black "Magem Badals, Jordi"]
[Result "1/2-1/2"]
[WhiteElo "2402"]
[BlackElo "2482"]
[WhiteTitle "IM"]
[BlackTitle "GM"]
[Source "ChessBase"]

1.e4 c6 2.d4 d5 3.f3 g6 4.Nc3 Bg7 5.Be3 dxe4 6.fxe4 Nf6 7.Nf3 Ng4 8.Bg1 e5 
9.d5 O-O 10.Bc4 Qa5 11.Bb3 Na6 12.Nd2 Bh6 13.Nc4 Qd8 14.dxc6 Qh4+ 15.g3 Qh3 16.Qf3 bxc6 
17.Qf1 Nf6 18.Nxe5 Qxf1+ 19.Kxf1 Bh3+ 20.Kf2 Rae8 21.Nxc6 Nc5 22.Kf3 Ncxe4 23.Nxe4 Nxe4 24.Bxa7 Nd2+ 
25.Kf2 Ne4+ 26.Kf3 Nd2+ 27.Kf2 Ne4+ 28.Kf3  1/2-1/2

[Event "Zonal tournament, zone 1.1"]
[Site "Mondariz"]
[Date "2000.09.03"]
[Round "11"]
[White "Efimov, Igor"]
[Black "Chuchelov, Vladimir"]
[Result "0-1"]
[WhiteElo "2520"]
[BlackElo "2535"]
[WhiteTitle "GM"]
[BlackTitle "GM"]
[Source "ChessBase"]

1.e4 c5 2.Nf3 e6 3.d4 cxd4 4.Nxd4 a6 5.Be3 Nf6 6.Nd2 d6 7.f4 Nbd7 8.Bd3 g6 
9.Qf3 Bg7 10.O-O-O Qc7 11.Kb1 e5 12.N4b3 exf4 13.Qxf4 Ne5 14.Rhf1 Be6 15.Qh4 Nfg4 16.Bd4 Qe7 
17.Qg3 O-O 18.h3 Nf6 19.Be3 Nfd7 20.Nd4 Rfe8 21.N2f3 Nxf3 22.gxf3 d5 23.Bg5 Qc5 24.Nb3 Qc6 
25.Bf4 Nf6 26.Qh4 dxe4 27.fxe4 Nxe4 28.Bh6 Bxb3 29.axb3 Bxh6 30.Qxh6 Re7 31.Bc4 Qc7 32.Rd4 Kh8 
33.Qh4 f5 34.Rfd1 Rae8 35.b4 Kg7 36.b5 a5 37.Bb3 Qe5 38.Ka2 b6 39.Rd7 a4 40.Bxa4 Qe6+ 
41.Bb3 Ra8+ 0-1